00703 a2200193 4500001000700000003000400007005001700011008004100028082001800069245012100087260002700208300001000235690007200245700002700317700002400344942001200368999001500380952011400395067314OSt20211108151556.0  a546.688bL46L1 aLead: chemistry, analytical aspects, environmental impact and health effectscedited by Jose S. Casas and Jose Sordo aBostonbElsevierc2006 a354p. aLead; Lead--Analysis; Lead--Environmental aspects; Lead--Toxicology aCasas, Jose S.eEditor aSordo, joseeEditor 2ddccBK c1239d1239 00102ddc40708TXBaCURAJbCURAJd2012-03-07eCHMg12622.00o546.688 L46Lp1600r2024-11-21w2020-09-02yBK